Experiencia Religiosa

Furkejuvvon:
Bibliográfalaš dieđut
Eará dahkkit: Dou, Alberto (Doaimmaheaddji), Martín Velasco, Juan (ponente), Franco, Ricardo (ponente), Sánchez del Río, Carlos (ponente), Tornos, Andrés (ponente)
Materiálatiipa: Girji
Giella:eaŋgalasgiella
Almmustuhtton: Madrid, España: Universidad Pontificia Comillas de Madrid, 1989
Ráidu:Estudios Interdisciplinares. Actas de las reuniones de la Asociación Interdisciplinar <<José de Acosta>> Vol. XV
Fáttát:
Fáddágilkorat: Lasit fáddágilkoriid
Eai fáddágilkorat, Lasit vuosttaš fáddágilkora!

MARC

LEADER 00000nam a22000007a 4500
003 CL-VaPUC
005 20220708105749.0
008 220425b1989 ||||| |||| 00| 0 eng d
999 |c 435498  |d 435496 
020 |a 84-85281-85-3 
040 |c Pontificia Universidad Católica de Valparaíso 
082 0 4 |2 22  |a 204.2 DOU 1989 
100 1 |a Dou, Alberto  |e editor  |9 868780 
245 1 0 |a Experiencia Religiosa 
260 |a Madrid, España:  |b Universidad Pontificia Comillas de Madrid,  |c 1989 
300 |a 339 páginas 
490 0 |a Estudios Interdisciplinares.  |a Actas de las reuniones de la Asociación Interdisciplinar <<José de Acosta>>  |v Vol. XV 
500 |a C1. Donación Facultad de Teología, libro pertenciente a la Profesora Eugenia Colomer (Q.E.P.D). Correo en papel 31/03/2022 
583 |c 20220425  |k Catalogador Asistente 
650 1 |a Experiencia religiosa  |x Ponencias  |9 870425 
650 1 |a Religión y ciencia  |x Ponencias  |9 870426 
650 1 |a Filosofía de la religión  |9 256017  |x Ponencias 
700 |a Martín Velasco, Juan  |e ponente  |9 868781 
700 |a Franco, Ricardo  |e ponente  |9 868782 
700 |a Sánchez del Río, Carlos  |e ponente  |9 868783 
700 |a Tornos, Andrés  |e ponente  |9 868784 
942 |2 ddc  |c BK 
952 |0 0  |1 0  |2 ddc  |4 0  |6 204_200000000000000_DOU_1989  |7 0  |8 A  |9 582779  |a BIBTEO  |b BIBTEO  |c GEN  |d 2022-04-25  |e Donación  |i 5650941  |o 204.2 DOU 1989  |p 5650941  |r 2025-01-17  |t 1  |w 2022-04-25  |y BK  |k ICR